02020nam a22003497a 4500003000900000008004100009040007100050082002400121110003600145245008800181260005300269300003300322440012300355505082600478650001901304650002201323650001301345650002001358650002101378650002601399650003101425650002701456700002301483700002701506700001901533700002001552700001901572700002001591700001701611700002001628700002201648AR-CdUCM190425b ||||| |||| 00| 0 spa d aMUNICIPALIDAD PROVINCIAL DEL CUSCOcBIBLIOTECA MUNICIPAL DEL CUSCO aRev.Andi/N°14/1989 aCentro Bartolomé de Las Casas aRevista andina /cCentro de estudios rurales andinos Bartolomé de Las Casas Cusco aCusco :bCentro Bartolomé de Las Casas,c1989. a321-606 páginas. :c23 cm. aPublicación Semestral del Centro Bartolomé de Las Casas Cusco.nAño 7, Número 14, N°2, Segundo semestre 1989. aContenido: Curagas y tenientes políticos la ley de la costumbre y la ley del estado Otavalo 1830-1875. Andrés Guerrero. -- Poder y contribuciones Puno 1825-1845. Christine Hünefeldt. -- Libre comercio, élites regionales y mercado interno en el sur del Perú, 1895-1932. Nils Jacobsen. -- Comunidad, autoridad indígena y poder republicano en el siglo XIX. Martha Moscoso C. -- La danza de Los Avelinos, sus orígenes y sus múltiples significados. Zoila S. Mendoza. -- Un nuevo aporte a la lingüística andina. Willem F. H. Adelaar. -- Muyu Orqo y Ccoipa dos nuevos tipos de cerámica para la región del Cusco. Brian S. Bauer. -- El horizonte Chavín ¿Quimera estilística o metamorfosis socioeconómica?. Richard L. Burger. -- Música andina breve introducción bibliográfica. André Langevin. aCultura andina aElites regionales aFolklore aMúsica andina aCultura Chavín aCerámica preincaica aAlfarería prehispánica aLingüística andina aGuerrero, Andrés aHünefeldt, Christine aJacobsen, Nils aMoscoso, Martha aMendoza, Zoila aAdelaar, Willem aBauer, Brian aBurger, Richard aLangevin, André